00686nam a2200241 a 4500001001300000003000900013005001700022008004100039020000900080082001600089100002200105245002500127260004100152300000900193500003500202505002400237650001600261700002200277902000800299942000700307952011500314999001500429nice12345678IN_TiNIC20260116012844.0050524s1981 hyda grp 000 0 urd  ac1200a891.41bMOH aMohsin, Jalgaonwi aIlfaaf, Sheri Majmua aHyderabadbIjaz Printing Pressc1981 a128p aincludes index and biblioraphy2 aBibliography, Index aUrdu-Poetry1 aMohsin, Jalgaonwi bSRS cBK 001040708StackRoom-aHMIbHMId2007-06-20g12.00l0o891.41 MOHp010091r2007-06-20v12.00w2005-05-24yBK c8660d8660